Spot the Difference V Quiz Stats

 Plays Quiz Updated Jun 9, 2016

Score 0/5 Timer 03:00
7 Plays Today
% Correct
Windows
97.5%
Windows
95.5%
Urn
91.2%
Urn
88.6%
Panels
78.4%

You're not logged in!

Compare scores with friends on all Sporcle quizzes.
OR
Log In

You Might Also Like...

Show Comments

Extras

Top Quizzes Today


Score Distribution

Your Account Isn't Verified!

In order to create a playlist on Sporcle, you need to verify the email address you used during registration. Go to your Sporcle Settings to finish the process.

Report this User

Report this user for behavior that violates our Community Guidelines.

Details: